| 000 | 00380nam a2200109Ia 4500 | ||
|---|---|---|---|
| 008 | 160531s9999 xx 000 0 und d | ||
| 100 | _aBonnie, R.J. | ||
| 245 | _aInvesting in the Health and Well-Being of Young Adults | ||
| 245 | _cby R.J. Bonnie, C. Stroud, H. Breiner (eds.) | ||
| 260 | _c2015 | ||
| 856 | _uhttp://www.ncbi.nlm.nih.gov/books/NBK284787/pdf/Bookshelf_NBK284787.pdf | ||
| 999 |
_c295311 _d295311 |
||